| 000 | 00570nam a2200181 a 4500 | ||
|---|---|---|---|
| 001 | 000036521 | ||
| 005 | 20200930075758.0 | ||
| 008 | 120119s2002 sp a 000 0 spa d | ||
| 020 | _a8449312752 | ||
| 040 |
_aDO-SdBNP _bspa _cBNPHU |
||
| 082 |
_axxx _bL526m |
||
| 100 | 1 |
_aLeick, Gwendolyn _962769 |
|
| 240 | 1 | 0 |
_aMsesopotamia _lespañol |
| 245 | 1 | 0 |
_aMesopotamia : _bLa invención de la ciudad / _cGwendolyn Leick ; traducción Magdalena Palmer. |
| 260 |
_aBarcelona : _bPaidós, _c2002. |
||
| 300 |
_a391 p. : _bil. ; _c24 cm. |
||
| 700 | 1 |
_aPalmer, Magdalena, _etr. _962770 |
|
| 999 |
_c36012 _d36012 |
||